00732nam a2200169 a 4500008004100000020001500041050001700056100002300073245010500096260003700201300001500238650001900253700001800272995014100290999001300431952011800444140922s1997 ||||||||||||||||| || u a1565105117 a363.7387 GLO aSwisher, Karin L. 10aGlobal warming: opposing view pointscedited by Tamara L. Roleff, Scott Barbara and Karin L. Swisher aNew YorkbGreenhaven Pressc1997 a192p.: ill 0aGLOBAL WARMING aBarbar, Scott aAMERICAN CORNERe0103638FCBU-DAG HAMMARSKJOLD INSTITUTE LIBRARYj363.7387 GLOM1UAVAILABLEWSep 22, 2014y0103638ZAmerican Collection c267d267 00102lcc4070a006b006cAmerican Collectiond2022-11-28l0o363.7387 GLOp0103638r2022-11-28w2022-11-28y002